01627nac a22003731u 4500999001500000003000900015005001700024008004100041020001800082020001500100035002300115040004300138082002800181100004900209245011000258264005200368300004500420336002600465337002800491338002700519504005100546650004900597650008600646650005000732650004500782650004400827651001000871653001300881655002400894856009100918856009201009942003101101952012101132 c3334d3334EG-ScBUE20210309093141.0100921s2006 xxk f b 001 0 eng d a9780521858519 a0521858518 a(OCoLC)ocm65468243 aEG-ScBUEbengerdacEG-ScBUEdEG-ScBUE04a820.9352109031bFIS2221 aFisher, Will, eauthor.91968010aMaterializing gender in early modern English literature and culture /cWill Fisher, Lehman College, Cuny. 1aCambridge :bCambridge University Press,c2006. axii, 223 pages :billustrations ;c24 cm 2rdacontentatextbtxt 2rdamediaaunmediatedbn 2rdacarrieravolumebnc aIncludes bibliographical references and index. 7aGender identity in literature.9196822BUEsh 7aEnglish literatureyEarly modern, 1500-1700xHistory and criticism.9196832BUEsh 7aMaterial culture in literature.9196842BUEsh 7aMasculinity in literature.9196852BUEsh 7aFemininity in literature.9196862BUEsh 2BUEsh bHHUUEENN vReading book934232423Publisher descriptionuhttp://www.loc.gov/catdir/enhancements/fy0702/2006298778-d.html423Table of contents onlyuhttp://www.loc.gov/catdir/enhancements/fy0702/2006298778-t.html cBBk820.9352109031FIS2ddc 00102ddc40708 aMAINbMAINc2NDd2010-09-21epurchasel0o820.9352109031 FISp000030628r2025-07-15 00:00:00yBB